000 00212nam a22000857a 4500
008 160720b xxu||||| |||| 00| 0 eng d
100 _93069
_aEgmont
245 _aThe Broken Ear
_bTin Tin
260 _aUSA
_bMacmillan
_c2009
999 _c2632
_d2632